书目信息 |
| 书名: | Physical chemistry, an advanced treatise | |
| 作者: | edited by WILHELM JOST. | |
| 分册号: | ||
| 分册名: | Solid State / | 出版地: | New York : |
|
| 出版社: | Academic Press | |
| 出版时间: | 1970. | |
| 页数: | 780 p. ; | |
| 开本: | 21cm. | |
| 丛书名: | ||
| 中图分类号: | ||
| 科图分类号: | ||
| 其他分类号: | O64:H31 | |
| 主题词: | ||
| 电子资源: | ||
| 000 | 01110cam 2200241I 4500 | |
| 001 | E0739534790 | |
| 003 | OCoLC | |
| 005 | 20070725145016.54 | |
| 008 | 7701071970 nyu 000 0 eng d | |
| 040 | @aHHC@cHHC@dm.c.@dm/c@dOCL@dMRC | |
| 090 | @aP42/W54 | |
| 090 | @aO64:H31 | |
| 099 | @dO64:H31@ex16:10 | |
| 245 | 00 | @aPhysical chemistry, an advanced treatise.@nVOLUME X,@pSolid State / @cedited by WILHELM JOST. |
| 260 | @aNew York :@bAcademic Press,@c1970. | |
| 300 | @a780 p. ;@c21cm. | |
| 505 | 0 | @av.1. Thermodynamics.--v.2. Statistical mechanics.--v.3. Electronic structure of atoms and molecules.--v.4. Molecular properties.--v.5. Valency.--v.6. General introduction and gas reactions.--v.7. Reactions in condensed phases.--v.8. Liquid state.--v.9. Electrochemistry.--v.10. Solid state.--v.11. Mathematical methods. |
| 599 | @aLib. has: v.1-2, v.4-5, v.6b, v.7, v.8a-8b, v.9a-9b, v.10, v.11a. | |
| 650 | 0 | @aChemistry, Physical and theoretical. |
| 700 | 1 | @aJost, Wilhelm,@d1903- |
| 700 | 1 | @aHenderson, Douglas,@d1934- |
| 700 | 1 | @aEyring, Henry,@d1901- |
| 920 | @a232010@z2 | |
| Physical chemistry, an advanced treatise.. VOLUME X,. Solid State / / edited by WILHELM JOST.-New York : : Academic Press, , 1970. |
| 780 p. ; ; 21cm. |
| v.1. Thermodynamics.--v.2. Statistical mechanics.--v.3. Electronic structure of atoms and molecules.--v.4. Molecular properties.--v.5. Valency.--v.6. General introduction and gas reactions.--v.7. Reactions in condensed phases.--v.8. Liquid state.--v.9. Electrochemistry.--v.10. Solid state.--v.11. Mathematical methods.-Lib. has: v.1-2, v.4-5, v.6b, v.7, v.8a-8b, v.9a-9b, v.10, v.11a. |
| ISBN |
| ● |
| 相关链接 |
|
|
|
|
正题名:Physical chemistry, an advanced treatise
索取号:O64:H31/x16:10
 
预约/预借
| 序号 | 登录号 | 条形码 | 馆藏地/架位号 | 状态 | 备注 |
| 1 | 27547 | 300135770 | 第二样本阅览室/ [索取号:O64:H31/x16:10] | 在馆 |